000 00666nam a22002297a 4500
005 20170124110129.0
010 _aA-328571
020 _c00.00
_a0671655264
035 _aA-328571
037 _bCen Lib/Ret
040 _aDPL
_bEN
082 _aS
_bSTU
100 _aSturgeon, Theodore
_931911
245 _aA touch of strange /
_cby Theodore Sturgeon
260 _bSimon and Schuster
_aLondon
_c1987
270 _bLondon
_aWest Garden Place, Kendal Street
300 _axiv, 234p.
_c21cm(Hb)
500 _aIncludes bibliographical references
650 _aScience fiction, American
_931912
650 _aScience fiction
_993651
942 _2ddc
_cEN
_hS
_mSTU
999 _c131491
_d131491